| Tag |
First Indicator |
Second Indicator |
Subfields |
| LEADER |
00000cam a2200000 a 4500 |
| 001 |
in00000019994 |
| 005 |
20151007053805.0 |
| 008 |
871218c19881987mau b 00000 eng |
| 010 |
|
|
|a 87036656
|
| 020 |
|
|
|a 0262521326 (pbk.)
|
| 035 |
|
|
|a (OCoLC)17298269
|
| 035 |
|
|
|9 AAB2825AM
|
| 040 |
|
|
|a DLC
|c DLC
|d TXA
|d UtOrBLW
|
| 049 |
|
|
|a TXAM
|c [A11085303]
|
| 050 |
0 |
0 |
|a B2430.F724
|b F56 1988
|
| 082 |
0 |
|
|a 194
|2 19
|
| 245 |
0 |
4 |
|a The Final Foucault /
|c edited by James Bernauer and David Rasmussen.
|
| 250 |
|
|
|a 1st MIT Press ed.
|
| 264 |
|
1 |
|a Cambridge, Mass. :
|b MIT Press,
|c 1988
|
| 264 |
|
4 |
|c ©1987
|
| 300 |
|
|
|a ix, 168 pages ;
|c 23 cm.
|
| 336 |
|
|
|a text
|b txt
|2 rdacontent
|
| 337 |
|
|
|a unmediated
|b n
|2 rdamedia
|
| 338 |
|
|
|a volume
|b nc
|2 rdacarrier
|
| 504 |
|
|
|a "The Works of Michel Foucault, 1954-1984": pages [119]-158.
|
| 600 |
1 |
0 |
|a Foucault, Michel,
|d 1926-1984.
|
| 700 |
1 |
|
|a Bernauer, James William.
|
| 700 |
1 |
|
|a Rasmussen, David M.
|
| 999 |
|
|
|a MARS
|
| 999 |
f |
f |
|s 9fb7588f-a340-33a4-bf35-0e50af71ed81
|i 09f09ca3-66af-348f-be9b-ffefc4f94386
|t 0
|
| 952 |
f |
f |
|p ric
|a Texas A&M University
|b Rellis Campus
|c Joint Library Facility
|d Remote Storage
|t 0
|e B2430.F724 F56 1988
|h Library of Congress classification
|i unmediated -- volume
|m A14811085303
|
| 998 |
f |
f |
|a B2430.F724 F56 1988
|t 0
|l Remote Storage
|